Statistics for Všechna území Britského impéria v roce 1921

Click here to take the quiz!

General Stats

  • This quiz has been taken 23 times
  • The average score is 31 of 96

Answers on the Map

Answers color-coded by a green-red scale on the quiz's map according to % correct below.
 

Answer Stats

Possessions% Correct
Indie
100%
Kanada
100%
Austrálie
95%
Nepál
90%
Nový Zéland
90%
Egypt
85%
Jihoafrická republika
85%
Kondominium Anglo-egyptský Súdán
85%
Bahamy
80%
Bhútán
80%
Britská Guiana
80%
Nigerie
75%
Spojené království
75%
Irák
70%
Ostrov Man
70%
Papua
70%
Keňa
65%
Maskat a Omán
65%
Kypr
60%
Sierra Leone
60%
Svazijsko
60%
Emirát Transjordánsko
55%
Kuvajt
55%
Palestina
55%
Cejlon
50%
Falklandy
50%
Gibraltar
50%
Jamajka
50%
Nová Guinea
(Australie)
50%
Togoland
50%
Uganda
50%
Bahrajn
45%
Bermudy
45%
Fidži
45%
Kamerun
45%
Katar
45%
Newfoundland
45%
Svatá Helena
45%
Tonga
45%
Barbados
40%
Brunej
40%
Hongkong
40%
Malta
40%
Šalamounovy ostrovy
40%
Maledivy
35%
Seychely
35%
Západní Samoa
(Nový Zéland)
35%
Severní Borneo
30%
Trinidad a Tobago
30%
Zanzibar
30%
Nauru
(Australie, NZ a UK)
25%
Tanganika
25%
Gambie
20%
Jersey
15%
ostrov Ascension
15%
Somaliland
15%
Guernsey
10%
Johor
10%
Sarawak
10%
Britský Honduras
5%
Federativní malajské státy
5%
Jižní Rhodesie
5%
Kanton
5%
Mauricius
5%
Ňasko
5%
ostrov Norfolk
5%
Ostrovy Gilbert a Ellice
5%
Pitcairnovy ostrovy
5%
Severní Rhodesie
5%
Sikkim
5%
Tchien-ťin
5%
Tristan da Cunha
5%
Zlatonosné pobřeží
5%
Adenský protektorát
0%
Ashmorův ostrov
0%
Bakerův ostrov
0%
Basutoland
0%
Bechuanaland
0%
Cartierův ostrov
0%
Čen-ťiang
0%
Chan-kchou
0%
Jihozápadní Afrika
(South Africa)
0%
Kedah
0%
Kelantan
0%
Liniové ostrovy
0%
Návětrné ostrovy
0%
Nové Hebridy
0%
Perlis
0%
Phoenixské ostrovy
0%
Průlivové osady
0%
Sia-men
0%
Terengganu
0%
Ťiou-ťiang
0%
Truciální státy
0%
Wei-hai-wei
0%
Závětrné ostrovy
0%

Score Distribution

Percentile by Number Answered

Percent of People with Each Score

Your Score History

You have not taken this quiz